• 首页
  • 本馆介绍
  • 公告通知
  • 最新文献
  • 馆藏检索
  • 电子资源
  • 读者导购
  • 参考咨询
  • 我的图书馆
  • 登录
  • 详细信息显示
  • 放入我的书架
  • 预约/预借图书
  • 作者相关作品
  • 分类相关作品
  • 丛书相关作品
  • 出版社相关作品

书目信息

  • 表格格式
  • 工作单格式
  • 卡片格式
题名:
直言教育
    
 
作者: 福井谦一 著 ;戚戈平 , 李晓武 译
分册:  
出版信息: 北京   科学出版社  2008
页数: 288页
开本: 21cm
丛书名:
单 册:
中图分类: G531.3
科图分类:
主题词: 教育思想--Jiao Yu Si Xiang--日本--现代 , 教育思想--Jiao Yu Si Xiang
电子资源:
ISBN: 978-7-03-021046-3
000 01146nam0 2200277 450
001 012024000038
005 20241025164540.0
010    @a978-7-03-021046-3@dCNY33.00
100    @a20241025d2008 em y0chiy50 ea
101 1  @achi@cjpn
102    @aCN@b110000
105    @aa z 000yy
106    @ar
200 1  @a直言教育@AZhi Yan Jiao Yu@e亚洲第一位诺贝尔化学奖获得者福井谦一谈教育@f(日) 福井谦一著@g戚戈平, 李晓武译
210    @a北京@c科学出版社@d2008
215    @a288页@c照片, 图@d21cm
330    @a本书作者以一名世界顶级科学家的身份用翔实、珍贵的资料和生动的文笔抒写了对现行教育制度的深刻思考,对人才培养的建议,对未来世界和科学发展的预见,对青少年建立科学精神的殷切希望。
517 1  @a亚洲第一位诺贝尔化学奖获得者福井谦一谈教育@AYa Zhou Di Yi Wei Nuo Bei Er Hua Xue Jiang Huo De Zhe Fu Jing Qian Yi Tan Jiao Yu
606 0  @a教育思想@AJiao Yu Si Xiang@y日本@z现代
606 0  @a教育思想@AJiao Yu Si Xiang
690    @aG531.3@v5
701  0 @a福井谦一@AFu Jing Qian Yi@f(1918~1998)@4著
702  0 @a戚戈平@AQi Ge Ping@4译
702  0 @a李晓武@ALi Xiao Wu@4译
801  0 @aCN@bAHXH@c20241025
905    @b214161841@dG531.3@e122@f1
    
    直言教育:亚洲第一位诺贝尔化学奖获得者福井谦一谈教育/(日) 福井谦一著/戚戈平, 李晓武译.-北京:科学出版社,2008
    288页:照片, 图;21cm
    
    
    ISBN 978-7-03-021046-3:CNY33.00
    本书作者以一名世界顶级科学家的身份用翔实、珍贵的资料和生动的文笔抒写了对现行教育制度的深刻思考,对人才培养的建议,对未来世界和科学发展的预见,对青少年建立科学精神的殷切希望。
●
相关链接 在E读中查询图书 在五车中查询图书 在当当中查询图书 在豆瓣中查询图书


正题名:直言教育     索取号:G531.3/122         预约/预借

序号 登录号 条形码 馆藏地/架位号 状态 备注
1 1416184   214161841   第一样本阅览室/ [索取号:G531.3/122] 在馆    
唐山师范学院图书馆 欢迎您!
大连网信软件有限公司© 版权所有